Odzvoní "kontajnerovým" medveďom?

Bibliographic Details
Format: Article
Language:Slovak
Subjects:

MARC

LEADER 00000nab a2200000 ar4500
001 vtls009284764
003 SK-MaSNL
005 20260303204014.0
008 080414c2007 xo er|p|||||||000 b|slo
038 |a PPPK 
040 |a PPPKCL  |b slo  |c PPPKCL  |e AACR2 
041 0 |a slo 
044 |a xo  |c SK 
080 |a 599.742.21  |2 1997 
080 |a 612.392:628.4.032  |2 1997 
245 0 0 |a Odzvoní "kontajnerovým" medveďom?  |c [autor] (pet) 
650 0 7 |a medveď hnedý  |2 SNKPH  |9 30209 
650 0 7 |a potravinový odpad  |2 SNKPH  |9 367420 
650 0 7 |a obytné zóny  |2 SNKPH  |9 83375 
650 0 7 |a medvede  |2 SNKPH  |9 16764 
650 0 7 |a kontajnery na odpad  |2 SNKPH  |9 58293 
651 7 |a Vysoké Tatry (Poľsko a Slovensko : pohorie)  |2 SNKPHgeo  |9 67729 
773 0 |t Tatranský dvojtýždenník  |g Roč. XVIII, č. 23 (2007), s. 11 
852 |a PPPK  |b KIS3GCP 
999 |c 2188021  |d 2189951